000 00299nam a22001097a 4500
008 230607b xxu||||| |||| 00| 0 eng d
082 _a945.1
_bCOM
245 _aThe Commonwealth Relations Office List 1951
260 _aLondon
_bHis Majesty's Stationery Office
_c1951
300 _a215p
942 _2ddc
_cBK
999 _c822
_d822